000
00228 a2200097 4500
001
54483
100
_a
Guting, Ralf H.
245
_a
Moving objects databases
260
_a
Boston
_b
Elsevier
_c
2005
090
_c
33912
_d
33912
942
_a
NUST-CAE
_c
MONOGRAPH
_c
26572
999
_c
289556
_d
289556